000 00464nam a22001697a 4500
003 NUST - PNEC
005 20170116181003.0
008 150912b xxu||||| |||| 00| 0 eng d
020 _a0070060517
040 _cLIBRARY
082 _a621.3815364 BES
100 _99609
_aBest, Roland E
245 _aPhase-locked loops : design, simulation, and applications
_cRoland E Best,
260 _cc.1997
650 _99605
_aMS Communication
_xMS Com
942 _2ddc
_cBK
999 _c66766
_d66766